Normal view MARC view

Entry Nombre corporativo

Number of records used in: 1

001 - NÚMERO DE CONTROL

  • campo de control: 184025

003 - IDENTIFICADOR DE NÚMERO DE CONTROL

  • campo de control: mxcmmo

005 - FECHA Y HORA DE LA ÚLTIMA TRANSACCIÓN

  • campo de control: 20241018060750.0

008 - ELEMENTOS DE DATO DE LONGITUD-FIJA

  • campo de control de longitud fija: 241018|| aca||aabn | a|a d

040 ## - FUENTE DE CATALOGACIÓN

  • Centro catalogador/agencia de origen: mxcmmo
  • Centro/agencia transcriptor: mxcmmo

110 ## - ENCABEZAMIENTO-NOMBRE DE ENTIDAD CORPORATIVA

  • Nombre de entidad corporativa o nombre de jurisdicción como elemento de entrada: Garobaglio y Zorraquín S.A. (Buenos Aires, Argentina)
  • Subdivisión general: Historia

670 ## - FUENTE DE DATOS ENCONTRADOS

  • Cita de la fuente: Work cat.: (mxcmmo)103265: Martín Cuesta, E. autor 184023, Rentabilidad, evolución patrimonial y divesificación en tres grandes compañías argentinas, 1926-1955